000 00772nas a2200241 4500
001 BR7702426
003 BR-BrBNA
005 20231205083157.0
007 ta
008 230509b bl.|||p| |||| 00| 00por d
040 _aBR-BrBNA
_bpor
_cBiblioteca Nacional de Agricultura
041 _a(Pt)
072 _aH10
100 1 _aSilveira Neto, S.
100 1 _aLara, F.M.
100 1 _aBortoli, S.A. de
245 1 _aDeterminacao da periodicidade de voo de certos lepidopteros pragas, com auxilio de armadilha luminosa
650 _aARMADILHA LUMINOSA
650 _aLEPIDOPTERO
773 0 _tAnais da Sociedade Entomologica do Brasil (Brazil)
_xISSN 0301-8059
_g(1977), v. 6(2) p. 203-214
_wBR7702426
909 _a202311
_bLúcia
_c55
_dLúcia Elande
942 _2AGRIS
_n0
_cANA
999 _c96932
_d96932